[Event "AUTO-OPEN-3479"]
[Site "http://www.queenalice.com/game.php?id=1358723"]
[Date "2015.5.10"]
[Round "1"]
[White "Hagel"]
[Black "brigador"]
[Result "1-0"]
[WhiteElo "2275"]
[BlackElo "2000"]

1. e4 g6 2. f4 Bg7 3. c3 a6 4. Nf3 d6 5. d3 b5 6. Be2 Bb7 7. O-O Nd7 8. Na3 Ngf6
9. Nc2 c5 10. Ne3 O-O 11. f5 Rc8 12. fxg6 fxg6 13. Ng5 Qe8 14. Qb3+ d5 15. exd5
Kh8 16. c4 b4 17. Ne6 Qf7 18. Nxf8 Rxf8 19. Ng4 Nxg4 20. Rxf7 1-0

[Event "AUTO-OPEN-3479"]
[Site "http://www.queenalice.com/game.php?id=1358749"]
[Date "2015.5.10"]
[Round "1"]
[White "Hagel"]
[Black "Lopesq"]
[Result "1-0"]
[WhiteElo "2279"]
[BlackElo "1582"]

1. e4 c5 2. Nf3 Nc6 3. d4 cxd4 4. Nxd4 e5 5. Nb5 d6 6. c4 a6 7. N5a3 Nf6 8. Nc3
Be6 9. Nc2 Be7 10. Be2 Qa5 11. O-O 1-0

[Event "AUTO-OPEN-3479"]
[Site "http://www.queenalice.com/game.php?id=1358767"]
[Date "2015.5.10"]
[Round "1"]
[White "mathematician1961"]
[Black "Hagel"]
[Result "1-0"]
[WhiteElo "2650"]
[BlackElo "2285"]

1. d4 Nf6 2. Nf3 d6 3. c4 g6 4. Nc3 Bg7 5. e4 O-O 6. h3 Nc6 7. d5 Ne5 8. Nxe5
dxe5 9. Bg5 h6 10. Be3 Ne8 11. Qc2 b6 12. c5 e6 13. Rd1 exd5 14. Nxd5 1-0

[Event "AUTO-MASTER-2276"]
[Site "http://www.queenalice.com/game.php?id=1361823"]
[Date "2015.5.26"]
[Round "2"]
[White "jiba45"]
[Black "Hagel"]
[Result "0-1"]
[WhiteElo "2325"]
[BlackElo "2256"]

1. e4 e6 2. d4 d5 3. Nd2 dxe4 4. Nxe4 Bd7 5. Nf3 Bc6 6. Bd3 Nd7 7. O-O Ngf6 8.
Bg5 h6 9. Bxf6 Nxf6 10. Nxf6+ Qxf6 11. Ne5 Bd6 12. Nxc6 bxc6 13. c3 O-O 14. Qh5
Rab8 15. Rab1 Rfd8 16. Rfd1 Rd7 17. g3 Rbd8 18. Be4 Bf8 19. Bxc6 Rd6 0-1

[Event "AUTO-MASTER-2276"]
[Site "http://www.queenalice.com/game.php?id=1361824"]
[Date "2015.5.26"]
[Round "2"]
[White "Hagel"]
[Black "jiba45"]
[Result "1-0"]
[WhiteElo "2270"]
[BlackElo "2311"]

1. e4 e5 2. Nf3 Nc6 3. d4 exd4 4. Bc4 Nf6 5. e5 d5 6. Bb5 Ne4 7. Nxd4 Bd7 8.
Bxc6 bxc6 9. O-O Bc5 10. Be3 Qe7 11. f4 Rb8 12. Qc1 Bxd4 13. Bxd4 c5 14. Bf2 d4
15. c3 Bb5 16. cxd4 Bxf1 17. Kxf1 1-0

[Event "AUTO-MASTER-2276"]
[Site "http://www.queenalice.com/game.php?id=1361825"]
[Date "2015.5.26"]
[Round "2"]
[White "VladimirSpirin"]
[Black "Hagel"]
[Result "1-0"]
[WhiteElo "2167"]
[BlackElo "2270"]

1. b3 e5 2. Bb2 d6 3. d3 f5 4. g3 Nf6 5. Bg2 Be7 6. e3 c6 7. Nd2 Na6 8. a3 Nc7
9. Ne2 O-O 10. h3 Ne6 11. b4 a5 12. c3 axb4 13. axb4 Rxa1 14. Qxa1 g5 15. O-O
Rf7 16. Qa2 d5 17. Ra1 Nc7 18. Qa5 Bd6 19. Nb3 f4 20. exf4 gxf4 21. g4 Nxg4 22.
hxg4 f3 23. Ng3 fxg2 24. Kxg2 Bxg4 25. Nd2 Qg5 26. Ndf1 Qh4 27. Kg1 Rg7 28. Ne3
Bf3 29. Kf1 d4 30. Nef5 1-0

[Event "AUTO-MASTER-2276"]
[Site "http://www.queenalice.com/game.php?id=1361826"]
[Date "2015.5.26"]
[Round "2"]
[White "Hagel"]
[Black "VladimirSpirin"]
[Result "0-1"]
[WhiteElo "2241"]
[BlackElo "2182"]

1. e4 b6 2. f4 Bb7 3. d3 g6 4. Nf3 Bg7 5. c3 e6 6. Be2 d6 7. O-O Ne7 8. Na3 a6
9. Nc2 Qd7 10. Ne3 h6 11. Qc2 Nbc6 12. d4 Na7 13. e5 d5 14. g4 h5 15. h3 hxg4
16. hxg4 O-O-O 17. Ng5 Rdf8 18. f5 gxf5 19. gxf5 Bh6 20. fxe6 fxe6 21. Nf7 Bxe3+
22. Bxe3 Rhg8+ 23. Ng5 Nf5 24. Bd2 Qe7 25. Bf3 Rxg5+ 26. Bxg5 Qxg5+ 27. Qg2 Qh6
0-1

[Event "AUTO-MASTER-2306"]
[Site "http://www.queenalice.com/game.php?id=1362941"]
[Date "2015.6.1"]
[Round "1"]
[White "giobetti"]
[Black "Hagel"]
[Result "1-0"]
[WhiteElo "2009"]
[BlackElo "2271"]

1. e4 e6 2. Nc3 d5 3. Nf3 Nf6 4. e5 Nfd7 5. d4 a6 6. Bd3 c5 7. dxc5 Nxc5 8. Bf4
Nxd3+ 9. Qxd3 Nc6 10. O-O-O Bc5 11. Kb1 h6 12. h4 Bxf2 13. Rdf1 Bxh4 14. Rxh4
Qc7 15. g4 Nb4 16. Qd2 b5 17. g5 1-0

[Event "AUTO-MASTER-2306"]
[Site "http://www.queenalice.com/game.php?id=1362942"]
[Date "2015.6.1"]
[Round "1"]
[White "Hagel"]
[Black "giobetti"]
[Result "0-1"]
[WhiteElo "2227"]
[BlackElo "2042"]

1. d4 d5 2. c4 Nc6 3. Nc3 dxc4 4. d5 Na5 5. g3 c6 6. Bg2 Nf6 7. e4 Bg4 8. Nge2
e5 9. h3 Bh5 10. O-O Bb4 11. g4 Bxg4 12. hxg4 Nxg4 13. Bh3 Qh4 14. Bxg4 Qxg4+
15. Ng3 h5 16. Qxg4 hxg4 17. Bd2 O-O-O 18. Be3 a6 19. Na4 b5 20. Nb6+ Kb7 21.
dxc6+ Nxc6 22. Nd5 Bd6 23. Nf5 g6 0-1

[Event "AUTO-MASTER-2306"]
[Site "http://www.queenalice.com/game.php?id=1362955"]
[Date "2015.6.1"]
[Round "1"]
[White "Hagel"]
[Black "Andrez"]
[Result "1-0"]
[WhiteElo "2283"]
[BlackElo "1939"]

1. e4 e5 2. f4 exf4 3. Nf3 h5 4. h4 Ne7 5. Bc4 d5 6. exd5 Nxd5 7. O-O Bg4 8.
Qe1+ Be7 9. Qe5 c6 10. Nc3 Qd6 11. Nxd5 cxd5 12. Bxd5 Bxf3 13. Qxd6 Bxd6 14.
Bxf3 Nc6 15. Bxc6+ bxc6 16. d3 O-O 17. Bxf4 Bxf4 18. Rxf4 Rfe8 19. Kf2 Re5 20.
Re1 Rae8 21. Rxe5 Rxe5 22. Re4 Rxe4 23. dxe4 f6 24. Ke3 Kf7 25. Kf4 Ke6 26. b4
a6 27. c4 g6 28. a4 Kd6 29. b5 cxb5 30. cxb5 axb5 31. axb5 Kc5 32. e5 1-0

[Event "AUTO-MASTER-2306"]
[Site "http://www.queenalice.com/game.php?id=1362956"]
[Date "2015.6.1"]
[Round "1"]
[White "Andrez"]
[Black "Hagel"]
[Result "1-0"]
[WhiteElo "2086"]
[BlackElo "2184"]

1. g4 e5 2. d3 d6 3. g5 f5 4. Bg2 c6 5. Nc3 Be7 6. h4 d5 7. f4 Bb4 8. a3 Ba5 9.
b4 Bc7 10. e3 Qe7 11. e4 exf4 12. Nge2 fxe4 13. dxe4 Bg4 14. Qd3 dxe4 15. Bxe4
f3 16. Nf4 Nd7 17. Kf2 O-O-O 18. Bxf3 Bxf3 19. Qxf3 Rf8 20. Nce2 Ne5 21. Qh3+
Qd7 22. Qxd7+ Nxd7 23. Kg3 Ne7 24. Rf1 Rf7 25. Bd2 Rhf8 26. Rf2 Nb6 27. Raf1 Nc4
28. Bc1 Nd5 29. c3 1-0

[Event "AUTO-MASTER-2306"]
[Site "http://www.queenalice.com/game.php?id=1362957"]
[Date "2015.6.1"]
[Round "1"]
[White "Hagel"]
[Black "alvm"]
[Result "0-1"]
[WhiteElo "2097"]
[BlackElo "1609"]

1. e4 c6 2. f4 d5 3. e5 Bf5 4. Nf3 e6 5. d3 c5 6. c3 Nc6 7. Be2 Be7 8. O-O f6 9.
d4 cxd4 10. cxd4 Nh6 11. h3 Be4 12. Nc3 Nf5 13. Bb5 O-O 14. Bxc6 bxc6 15. g4
Bxf3 16. Rxf3 Nh4 17. Rf2 fxe5 18. fxe5 c5 19. Be3 cxd4 0-1

[Event "AUTO-MASTER-2306"]
[Site "http://www.queenalice.com/game.php?id=1362958"]
[Date "2015.6.1"]
[Round "1"]
[White "alvm"]
[Black "Hagel"]
[Result "0-1"]
[WhiteElo "2021"]
[BlackElo "2251"]

1. d4 d5 2. c4 dxc4 3. e4 e5 4. d5 Nf6 5. Nc3 c6 6. Bxc4 Bb4 7. Qc2 O-O 8. Nf3
cxd5 9. exd5 Nxd5 10. O-O Nxc3 11. bxc3 Bd6 12. Rd1 Qc7 13. Bd3 f5 0-1

[Event "AUTO-OPEN-3517"]
[Site "http://www.queenalice.com/game.php?id=1373530"]
[Date "2015.7.26"]
[Round "1"]
[White "Hagel"]
[Black "babydaddytoo"]
[Result "0-1"]
[WhiteElo "2284"]
[BlackElo "2201"]

1. e4 e6 2. d4 d5 3. Nc3 Bb4 4. e5 Ne7 5. f4 c5 6. Nf3 cxd4 7. Qxd4 Nbc6 8. Bb5
O-O 9. Qd3 d4 10. a3 Qa5 0-1

[Event "AUTO-OPEN-3517"]
[Site "http://www.queenalice.com/game.php?id=1373531"]
[Date "2015.7.26"]
[Round "1"]
[White "babydaddytoo"]
[Black "Hagel"]
[Result "1-0"]
[WhiteElo "2354"]
[BlackElo "2209"]

1. e4 e6 2. d4 d5 3. exd5 exd5 4. Nc3 Bb4 5. Bd2 c6 6. Nf3 Bg4 7. Bd3 Nd7 8. O-O
Ne7 9. Nb5 Bxd2 10. Nd6+ Kf8 11. Qxd2 Bxf3 12. gxf3 Qc7 13. Nf5 Nxf5 14. Bxf5
Nf6 15. Rfe1 Qd6 16. Re5 h6 17. Rae1 g6 18. Bd3 Kg7 19. c3 Rhe8 20. f4 Qd7 21.
f5 Ng4 22. Rxe8 Rxe8 23. Rxe8 Qxe8 24. fxg6 fxg6 25. Qf4 Qe6 26. Qg3 h5 27. Kf1
Nh6 28. Qb8 Qf7 29. Qxa7 Ng4 30. Ke1 Qxf2+ 31. Kd1 1-0

[Event "AUTO-OPEN-3517"]
[Site "http://www.queenalice.com/game.php?id=1373532"]
[Date "2015.7.26"]
[Round "1"]
[White "Hagel"]
[Black "AntonioMelo"]
[Result "0-1"]
[WhiteElo "2255"]
[BlackElo "2189"]

1. e4 d6 2. f4 Nf6 3. d3 g6 4. Nf3 Bg7 5. Be2 O-O 6. O-O Nc6 7. c3 Bg4 8. Na3 a6
9. Nc2 Nd7 10. Ne3 Bxf3 11. Bxf3 e5 12. f5 Nb6 13. a4 Nd7 14. fxg6 fxg6 15. Qb3+
Kh8 16. Qxb7 Ne7 17. Qb3 Nc5 18. Qc2 Rb8 19. b4 Ne6 0-1

[Event "AUTO-OPEN-3517"]
[Site "http://www.queenalice.com/game.php?id=1373533"]
[Date "2015.7.26"]
[Round "1"]
[White "AntonioMelo"]
[Black "Hagel"]
[Result "1-0"]
[WhiteElo "2247"]
[BlackElo "2152"]

1. f4 d6 2. Nf3 g6 3. e3 Bg7 4. Be2 Nc6 5. O-O Nf6 6. d4 O-O 7. c3 Re8 8. Nbd2
e5 9. fxe5 dxe5 10. Bb5 Bd7 11. Bxc6 Bxc6 12. Nxe5 Qd5 13. Nxc6 Qxc6 14. Qf3
Qxf3 15. Nxf3 Ng4 16. Re1 1-0

[Event "Challenge"]
[Site "http://www.queenalice.com/game.php?id=1378043"]
[Date "2015.8.17"]
[Round "-"]
[White "tucot"]
[Black "Hagel"]
[Result "1-0"]
[WhiteElo "2379"]
[BlackElo "2143"]

1. d4 Nf6 2. Nf3 g6 3. c4 d6 4. Nc3 Bg7 5. e4 O-O 6. h3 Nc6 7. Be3 e5 8. d5 Ne7
9. g4 Ne8 10. Nd2 f5 11. f3 f4 12. Bf2 a6 13. h4 1-0

[Event "Challenge"]
[Site "http://www.queenalice.com/game.php?id=1378044"]
[Date "2015.8.17"]
[Round "-"]
[White "Hagel"]
[Black "tucot"]
[Result "0-1"]
[WhiteElo "2169"]
[BlackElo "2356"]

1. e4 e5 2. Nf3 d6 3. d4 Nf6 4. Bg5 Nbd7 5. dxe5 dxe5 6. Bc4 c6 7. a4 Qc7 8. O-O
Be7 9. c3 O-O 10. Re1 Nc5 11. Bxf6 Bxf6 12. Nbd2 Rd8 0-1